000
00286nam a22001217a 4500
008
170609b xxu||||| |||| 00| 0 eng d
041
_a
eng
080
_a
94(7/8)
100
_a
18
101
_a
SHH
245
_a
PROGRESSIVISM AND POSTWAR DISILLUSIONMENT
_c
SHANNON,D.A
942
_2
udc
_c
BK
999
_c
16785
_d
16785